logo

Bir Sreshtho Munshi Abdur Rouf Library
Jhenaidah Cadet College

The Hamlyn book of how / (Record no. 9590)

MARC details
000 -LEADER
fixed length control field 00778nam a22002532 4500
001 - CONTROL NUMBER
JCCL Control Number 9590
003 - CONTROL NUMBER IDENTIFIER
JCCL marc code BD - JhCC
005 - DATE AND TIME OF LATEST TRANSACTION
control field 20191112134008.0
008 - FIXED-LENGTH DATA ELEMENTS--GENERAL INFORMATION
fixed length control field 180320s1974 enkab j 000 0 eng d
020 ## - INTERNATIONAL STANDARD BOOK NUMBER
International Standard Book Number 0600344312
035 ## - SYSTEM CONTROL NUMBER
system control number OCLC ocm16304992 from D970505M
-- (BD - JhCC)9590
040 ## - CATALOGING SOURCE
Original cataloging agency UKM
Transcribing agency UKM
Modifying agency EQO
-- BD - JhCC
041 1# - LANGUAGE CODE
Language code of Book eng
Language code of original and/or intermediate translations of text ita
050 1# - LIBRARY OF CONGRESS CALL NUMBER
Classification number AG5
082 0# - DEWEY DECIMAL CLASSIFICATION NUMBER
Classification number 082
DDC Edition number 19
Author mark and Year ZAN 1974
100 1# - MAIN ENTRY--PERSONAL NAME
Personal name Zanini, Giuseppe.
Titles and other words associated with a name Libro di come.
245 14 - TITLE STATEMENT
Title The Hamlyn book of how /
Statement of responsibility, etc Giuseppe Zanini
260 ## - PUBLICATION, DISTRIBUTION, ETC. (IMPRINT)
Place of publication, distribution, etc London :
Name of publisher, distributor, etc Hamlyn,
Date of publication, distribution, etc 1974.
300 ## - PHYSICAL DESCRIPTION
Pagination 177 p. :
Other physical details col. ill., 1 col. map ;
Dimensions 27 cm.
500 ## - GENERAL NOTE
General note Adaptation of: 'Il Libro di come'. Milano : Mondadori, 1973.
650 #0 - SUBJECT ADDED ENTRY--TOPICAL TERM
Topical term or geographic name as entry element Children's encyclopedias and dictionaries.
942 ## - ADDED ENTRY ELEMENTS (KOHA)
Source of classification or shelving scheme Dewey Decimal Classification
Koha item type Books
Koha issues (borrowed), all copies 2
Holdings
Source of classification or shelving scheme Damaged status Not for loan Home library Current library Shelving location Total Checkouts Total Renewals Full call number Barcode Date last seen Date checked out Copy number Koha item type
Dewey Decimal Classification     JCC Rouf Library JCC Rouf Library General Stacks 1   082 ZAN 1974 12777 11/11/2019 11/11/2019 C - 1 Books

JCC Library | Contacts | JCC Home

Last Update on 23 September 2017
Copyright @ 2017-2020 JCC Rouf Library
Rouf Library, Jhenidah Cadet College (JCC), Bangladesh